000 01034cam a2200229 4500
008 031222n2003 000 0 eng u
035 _a(Sirsi) u124684
245 _aScottish renewable energy grants
260 _c2003
490 _aScottish Executive News Release
_v(SEEL217/2003) 22 December 2003 (2)
520 _aScottish householders are being urged to apply for the £2.3m funding still available from the Scottish Community and Householder Renewables Initiative (SCHRI) for renewable energy grants. SCHRI grants can be used by householders and community groups to install small-scale renewable energy schemes such as hydro, wind, solar water, heat pumps and solar power. http://www.scotland.gov.uk/pages/news/2003/12/SEEL217.aspx
590 _aWB
650 _aSCOTLAND
650 _aRENEWABLE ENERGY GRANTS
650 _aRENEWABLE ENERGY
650 _aHYDRO POWER
650 _aWIND POWER
650 _aSOLAR POWER
650 _aHEAT PUMPS
690 _aENVIRONMENTAL AND LAND CONSULTANCY-ENERGY
942 _n0
999 _c73997
_d73997